000 00753nam a2200277Ia 4500
003 OSt
005 20221007110525.0
006 a|||||r|||| 00| 0
007 ta
008 221006b |||||||| |||| 00| 0 eng d
020 _a0814201822
024 _a21,280
037 _cTextual
040 _aLCO
_cLCO
_beng
041 _2eng
_aeng
082 _aY:45, L2
100 _aReckless Walter C.
245 0 _aPrevention of Juvenile Delinquency
260 _aOhio
_bOhio State University Press U.S.A.
_c1972
300 _a253
500 _aAn Experiment
650 _aJUVENILE DELINQUENCY
_9683332
700 _a Dinitz Simon
_9707612
942 _hY:45, L2
_cTEXL
999 _c1190843
_d1190843